000 00801cad a22002175a 4500
001 L152830
008 110505e20110419 d f s i000 0 eng d
035 _a(Sirsi) u152830
041 0 _aeng
110 2 _aEurostat
_91416
245 0 0 _aConstruction output down by 0.7% in euro area
_h[electronic resource]
260 _c2011
490 0 _aEurostat News Release
_v(58/2011) 19 April 2011
520 _aFebruary 2011 compared with January 2011; up by 0.7% in the EU27.
590 _aKA
650 2 4 _aEUROSTAT MONTHLY CONSTRUCTION INDEX
651 4 _aEurope
690 _aBUILT ENVIRONMENT-CONSTRUCTION MARKET
856 4 0 _uhttps://epp.eurostat.ec.europa.eu/cache/ITY_PUBLIC/4-19042011-AP/EN/4-19042011-AP-EN.PDF
_zView the item free of charge at http://epp.eurostat.ec.europa.eu
942 _n0
999 _c112225
_d112225